Normal view
MARC view
Entry Personal Name
001 - CONTROL NUMBER
- control field: 3921
003 - CONTROL NUMBER IDENTIFIER
- control field: OSt
005 - DATE AND TIME OF LATEST TRANSACTION
- control field: 20150731174420.0
008 - FIXED-LENGTH DATA ELEMENTS
- fixed length control field: 150731|| aca||aabn | a|a d
040 ## - CATALOGING SOURCE
- Original cataloging agency: OSt
- Transcribing agency: OSt
100 ## - HEADING--PERSONAL NAME
- Personal name: Godbole, Madhav
670 ## - SOURCE DATA FOUND
- Source citation: Work cat.: (OSt)16122: Godbole, Madhav, Public Accountability & Transparency, 2003









